{"text_format":"3","workbook":"xlsx","n_sheets":1,"sheets":["t128"],"read":"whole","date_system":"1900"}

{"sheet":"t128","index":0,"n_rows":152,"n_cols":7,"rows_kept":152,"merged":[[0,0,0,6],[28,0,28,5],[42,0,42,5],[140,0,140,5]]}
["TABELA 128.1 - Estatísticas Agrícolas, Município de Catiguá, Estado de São Paulo, 2016/17."]
["ITEM","UNIDADE","N.DE UPAs","MÍNIMO","MÉDIO","MÁXIMO","TOTAL"]
["Distância à sede do município","km",152,{"v":1,"d":"1.0"},{"v":5.66,"d":"5.7"},{"v":13,"d":"13.0"},"-"]
["Área total","hectare",152,{"v":1,"d":"1.0"},{"v":95.64,"d":"95.6"},{"v":1082.8,"d":"1,082.8"},{"v":14537.89,"d":"14,537.9"}]
["Área com cultura perene","hectare",11,{"v":1,"d":"1.0"},{"v":25.19,"d":"25.2"},{"v":100,"d":"100.0"},277.1]
["Área com cultura temporária","hectare",134,4.2,{"v":87.58,"d":"87.6"},814.8,{"v":11736,"d":"11,736.0"}]
["Área com pastagem","hectare",50,0.5,{"v":9.71,"d":"9.7"},{"v":42,"d":"42.0"},485.7]
["Área com reflorestamento","hectare",9,0.4,{"v":5.86,"d":"5.9"},{"v":20,"d":"20.0"},52.7]
["Área com vegetação natural","hectare",48,0.4,{"v":17.39,"d":"17.4"},182.6,834.6]
["Área com vegetação de brejo e várzea","hectare",17,1.5,{"v":12.38,"d":"12.4"},28.2,{"v":210.49,"d":"210.5"}]
["Área em descanso","hectare",22,{"v":1,"d":"1.0"},{"v":11.09,"d":"11.1"},{"v":60,"d":"60.0"},243.9]
["Área complementar","hectare",116,0.1,{"v":6.01,"d":"6.0"},82.5,697.4]
["Área das UPAs com (0, 1] ha","hectare",3,{"v":1,"d":"1.0"},{"v":1,"d":"1.0"},{"v":1,"d":"1.0"},{"v":3,"d":"3.0"}]
["Área das UPAs com (1, 2] ha","hectare",1,{"v":2,"d":"2.0"},{"v":2,"d":"2.0"},{"v":2,"d":"2.0"},{"v":2,"d":"2.0"}]
["Área das UPAs com (2, 5] ha","hectare",6,2.4,{"v":4.02,"d":"4.0"},4.9,24.1]
["Área das UPAs com (5, 10] ha","hectare",7,5.4,{"v":7.44,"d":"7.4"},9.6,52.1]
["Área das UPAs com (10, 20] ha","hectare",25,10.8,{"v":14.24,"d":"14.2"},{"v":20,"d":"20.0"},355.9]
["Área das UPAs com (20, 50] ha","hectare",45,20.3,{"v":35.05,"d":"35.1"},48.4,{"v":1577.3,"d":"1,577.3"}]
["Área das UPAs com (50, 100] ha","hectare",20,50.4,70.1,{"v":100,"d":"100.0"},{"v":1402.09,"d":"1,402.1"}]
["Área das UPAs com (100, 200] ha","hectare",26,102.9,{"v":134.87,"d":"134.9"},198.2,{"v":3506.6,"d":"3,506.6"}]
["Área das UPAs com (200, 500] ha","hectare",14,205.5,{"v":288.94,"d":"288.9"},431.9,{"v":4045.2,"d":"4,045.2"}]
["Área das UPAs com (500, 1.000] ha","hectare",4,503.3,621.7,713.1,{"v":2486.8,"d":"2,486.8"}]
["Área das UPAs com (1.000, 2.000] ha","hectare",1,{"v":1082.8,"d":"1,082.8"},{"v":1082.8,"d":"1,082.8"},{"v":1082.8,"d":"1,082.8"},{"v":1082.8,"d":"1,082.8"}]
["Área das UPAs com (2.000, 5.000] ha","hectare","-","-","-","-","-"]
["Área das UPAs com (5.000, 10.000] ha","hectare","-","-","-","-","-"]
["Área das UPAs acima de 10.000 ha","hectare","-","-","-","-","-"]
["Fonte: Secretaria de Agricultura e Abastecimento, CDRS/IEA, Projeto LUPA."]
[]
["TABELA 128.2 - Explorações Animais, Município de Catiguá, Estado de São Paulo, 2016/17."]
["ITEM","UNIDADE","N.DE UPAs","MÍNIMO","MÉDIO","MÁXIMO","TOTAL"]
["Avicultura de corte","cabecas/ano",1,{"v":300,"d":"300.0"},{"v":300,"d":"300.0"},{"v":300,"d":"300.0"},{"v":300,"d":"300.0"}]
["Bovinocultura de corte","cabecas",7,{"v":2,"d":"2.0"},{"v":32.71,"d":"32.7"},{"v":80,"d":"80.0"},{"v":229,"d":"229.0"}]
["Bovinocultura leiteira","cabecas",21,{"v":1,"d":"1.0"},8.1,{"v":30,"d":"30.0"},{"v":170,"d":"170.0"}]
["Bovinocultura mista","cabecas",33,{"v":2,"d":"2.0"},{"v":14.21,"d":"14.2"},{"v":30,"d":"30.0"},{"v":469,"d":"469.0"}]
["Bubalinocultura","cabecas",1,{"v":31,"d":"31.0"},{"v":31,"d":"31.0"},{"v":31,"d":"31.0"},{"v":31,"d":"31.0"}]
["Caprinocultura","cabecas",3,{"v":20,"d":"20.0"},{"v":33.33,"d":"33.3"},{"v":40,"d":"40.0"},{"v":100,"d":"100.0"}]
["Equinocultura","cabecas",39,{"v":1,"d":"1.0"},{"v":3.95,"d":"4.0"},{"v":20,"d":"20.0"},{"v":154,"d":"154.0"}]
["Ovinocultura","cabecas",3,{"v":20,"d":"20.0"},{"v":55,"d":"55.0"},{"v":120,"d":"120.0"},{"v":165,"d":"165.0"}]
["Piscicultura","m2 tanques",3,{"v":50,"d":"50.0"},{"v":1683.33,"d":"1,683.3"},{"v":4000,"d":"4,000.0"},{"v":5050,"d":"5,050.0"}]
["Suinocultura","cabecas",8,{"v":2,"d":"2.0"},{"v":17,"d":"17.0"},{"v":60,"d":"60.0"},{"v":136,"d":"136.0"}]
["Fonte: Secretaria de Agricultura e Abastecimento, CDRS/IEA, Projeto LUPA."]
[]
["TABELA 128.3 -  Máquinas, Implementos e Benfeitorias, Município de Catiguá, Estado de São Paulo, 2016/17."]
["ITEM","UNIDADE","N.DE UPAs","MÍNIMO","MÉDIO","MÁXIMO","TOTAL"]
["Arado comum (bacia, aiveca)","unidade",6,{"v":1,"d":"1.0"},{"v":1.83,"d":"1.8"},{"v":5,"d":"5.0"},{"v":11,"d":"11.0"}]
["Arado escarificador","unidade",24,{"v":1,"d":"1.0"},{"v":1.71,"d":"1.7"},{"v":8,"d":"8.0"},{"v":41,"d":"41.0"}]
["Arado subsolador","unidade",11,{"v":1,"d":"1.0"},{"v":1.36,"d":"1.4"},{"v":3,"d":"3.0"},{"v":15,"d":"15.0"}]
["Camara fria","unidade",1,{"v":1,"d":"1.0"},{"v":1,"d":"1.0"},{"v":1,"d":"1.0"},{"v":1,"d":"1.0"}]
["Carregadeira de cana","unidade",10,{"v":1,"d":"1.0"},1.8,{"v":3,"d":"3.0"},{"v":18,"d":"18.0"}]
["Carreta de trator","unidade",4,{"v":1,"d":"1.0"},{"v":1,"d":"1.0"},{"v":1,"d":"1.0"},{"v":4,"d":"4.0"}]
["Conj.irrigacao autopropelido","unidade",1,{"v":2,"d":"2.0"},{"v":2,"d":"2.0"},{"v":2,"d":"2.0"},{"v":2,"d":"2.0"}]
["Conj.irrigacao convencional","unidade",7,{"v":1,"d":"1.0"},{"v":1.29,"d":"1.3"},{"v":2,"d":"2.0"},{"v":9,"d":"9.0"}]
["Conjunto de fenacao","unidade",2,{"v":1,"d":"1.0"},{"v":1,"d":"1.0"},{"v":1,"d":"1.0"},{"v":2,"d":"2.0"}]
["Desintegrador, picador, triturador","unidade",29,{"v":1,"d":"1.0"},{"v":1.17,"d":"1.2"},{"v":3,"d":"3.0"},{"v":34,"d":"34.0"}]
["Ensiladeira","unidade",2,{"v":1,"d":"1.0"},{"v":1,"d":"1.0"},{"v":1,"d":"1.0"},{"v":2,"d":"2.0"}]
["Grade aradora (tipo romi)","unidade",4,{"v":1,"d":"1.0"},{"v":1.25,"d":"1.3"},{"v":2,"d":"2.0"},{"v":5,"d":"5.0"}]
["Grade niveladora","unidade",1,{"v":2,"d":"2.0"},{"v":2,"d":"2.0"},{"v":2,"d":"2.0"},{"v":2,"d":"2.0"}]
["Implementos para tracao animal","unidade",5,{"v":1,"d":"1.0"},1.2,{"v":2,"d":"2.0"},{"v":6,"d":"6.0"}]
["Mmicrotrator","unidade",2,{"v":1,"d":"1.0"},1.5,{"v":2,"d":"2.0"},{"v":3,"d":"3.0"}]
["Ordenhadeira mecanica","unidade",1,{"v":1,"d":"1.0"},{"v":1,"d":"1.0"},{"v":1,"d":"1.0"},{"v":1,"d":"1.0"}]
["Pulverizador tratorizado","unidade",34,{"v":1,"d":"1.0"},{"v":1.56,"d":"1.6"},{"v":5,"d":"5.0"},{"v":53,"d":"53.0"}]
["Roçadora","unidade",4,{"v":1,"d":"1.0"},{"v":1.25,"d":"1.3"},{"v":2,"d":"2.0"},{"v":5,"d":"5.0"}]
["Semeadeira/adubadeira para plantio convencional","unidade",1,{"v":1,"d":"1.0"},{"v":1,"d":"1.0"},{"v":1,"d":"1.0"},{"v":1,"d":"1.0"}]
["Semeadeira/plantadeira plantio direto","unidade",4,{"v":1,"d":"1.0"},{"v":1,"d":"1.0"},{"v":1,"d":"1.0"},{"v":4,"d":"4.0"}]
["Terraceador","unidade",7,{"v":1,"d":"1.0"},{"v":1.43,"d":"1.4"},{"v":2,"d":"2.0"},{"v":10,"d":"10.0"}]
["Trator de esteiras","unidade",4,{"v":1,"d":"1.0"},{"v":1,"d":"1.0"},{"v":1,"d":"1.0"},{"v":4,"d":"4.0"}]
["Trator de pneus  acima de 85 cv","unidade",10,{"v":1,"d":"1.0"},4.5,{"v":23,"d":"23.0"},{"v":45,"d":"45.0"}]
["Trator de pneus até 65 cv","unidade",13,{"v":1,"d":"1.0"},{"v":1.15,"d":"1.2"},{"v":2,"d":"2.0"},{"v":15,"d":"15.0"}]
["Trator de pneus de 66 cv a 85 cv","unidade",35,{"v":1,"d":"1.0"},{"v":1.46,"d":"1.5"},{"v":5,"d":"5.0"},{"v":51,"d":"51.0"}]
["Acude/represa","unidade",14,{"v":1,"d":"1.0"},{"v":1.36,"d":"1.4"},{"v":3,"d":"3.0"},{"v":19,"d":"19.0"}]
["Almoxarifado/oficina","unidade",11,{"v":1,"d":"1.0"},{"v":1.18,"d":"1.2"},{"v":2,"d":"2.0"},{"v":13,"d":"13.0"}]
["Armazem para graos ensacados","sacas",1]
["Barracao/galpao/garagem","unidade",46,{"v":1,"d":"1.0"},{"v":1.85,"d":"1.9"},{"v":7,"d":"7.0"},{"v":85,"d":"85.0"}]
["Casa de moradia habitada","unidade",60,{"v":1,"d":"1.0"},3.2,{"v":23,"d":"23.0"},{"v":192,"d":"192.0"}]
["Casa de moradia total","unidade",65,{"v":1,"d":"1.0"},{"v":3.48,"d":"3.5"},{"v":23,"d":"23.0"},{"v":226,"d":"226.0"}]
["Curral/mangueira","unidade",40,{"v":1,"d":"1.0"},{"v":1.15,"d":"1.2"},{"v":2,"d":"2.0"},{"v":46,"d":"46.0"}]
["Deposito/tulha","unidade",28,{"v":1,"d":"1.0"},{"v":1.25,"d":"1.3"},{"v":2,"d":"2.0"},{"v":35,"d":"35.0"}]
["Estabulo","unidade",1,{"v":1,"d":"1.0"},{"v":1,"d":"1.0"},{"v":1,"d":"1.0"},{"v":1,"d":"1.0"}]
["Estufa/plasticultura","m2",1]
["Instalacoes para equinos","unidade",3,{"v":1,"d":"1.0"},{"v":4,"d":"4.0"},{"v":6,"d":"6.0"},{"v":12,"d":"12.0"}]
["Maquina de beneficio","unidade",3,{"v":1,"d":"1.0"},{"v":1,"d":"1.0"},{"v":1,"d":"1.0"},{"v":3,"d":"3.0"}]
["Olaria","unidade",1,{"v":2,"d":"2.0"},{"v":2,"d":"2.0"},{"v":2,"d":"2.0"},{"v":2,"d":"2.0"}]
["Packing house","unidade",1,{"v":1,"d":"1.0"},{"v":1,"d":"1.0"},{"v":1,"d":"1.0"},{"v":1,"d":"1.0"}]
["Pocilga","unidade",9,{"v":1,"d":"1.0"},{"v":3.22,"d":"3.2"},{"v":10,"d":"10.0"},{"v":29,"d":"29.0"}]
["Poco semi-artesiano","unidade",34,{"v":1,"d":"1.0"},{"v":1.09,"d":"1.1"},{"v":3,"d":"3.0"},{"v":37,"d":"37.0"}]
["Terreiro","m2",20]
["Fonte: Secretaria de Agricultura e Abastecimento, CDRS/IEA, Projeto LUPA."]
[]
["TABELA 128.4 - Outras Estatísticas Agrícolas, Município de Catiguá, Estado de São Paulo, 2016/17."]
["ITEM","Número de UPAs",null,"Percentual"]
["Faz Parte de Associação de Produtores",108,null,{"v":71.05263157894737,"d":"71.1"}]
["Faz Parte de Cooperativa de Produtores",126,null,{"v":82.89473684210526,"d":"82.9"}]
["Faz Parte do Sindicato de Produtores",114,null,{"v":75,"d":"75.0"}]
["Não utiliza assistência técnica ",4,null,{"v":2.6315789473684212,"d":"2.6"}]
["Utiliza somente assistência técnica governamental ",2,null,{"v":1.3157894736842106,"d":"1.3"}]
["Utiliza somente assistência técnica privada ",7,null,{"v":4.605263157894737,"d":"4.6"}]
["Utiliza assistência técnica tanto governamental quanto privada",139,null,{"v":91.44736842105263,"d":"91.4"}]
["Utiliza Crédito Rural",46,null,{"v":30.263157894736842,"d":"30.3"}]
["Utiliza Seguro Rural",14,null,{"v":9.210526315789474,"d":"9.2"}]
["Utiliza Escrituração Agrícola",126,null,{"v":82.89473684210526,"d":"82.9"}]
["Acessa Internet p/ Fins na Agropecuária",95,null,62.5]
["Utiliza Computador nas Atividades Agropecuárias",100,null,{"v":65.78947368421052,"d":"65.8"}]
["Utiliza Energia Elétrica Para Uso na Atividade Agrícola",137,null,{"v":90.13157894736841,"d":"90.1"}]
["Utiliza Energia Alternativa","-",null,"-"]
["Realiza Análise de Solo, quando necessário",139,null,{"v":91.44736842105263,"d":"91.4"}]
["Realiza Calagem",19,null,12.5]
["Utiliza Práticas de Conservação de Solo, quando necessário",147,null,{"v":96.71052631578948,"d":"96.7"}]
["Faz Adubação Mineral, quando necessário",146,null,{"v":96.05263157894737,"d":"96.1"}]
["Faz Adubação Orgânica, quando necessário",130,null,{"v":85.52631578947368,"d":"85.5"}]
["Faz Adubação Verde, quando necessário",124,null,{"v":81.57894736842104,"d":"81.6"}]
["Utiliza Manejo Integrado de Pragas (MIP)","-",null,"-"]
["Utiliza Hidroponia","-",null,"-"]
["Utiliza Cultivo em Estufa",2,null,{"v":1.3157894736842106,"d":"1.3"}]
["Utiliza Mudas Fiscalizadas",96,null,{"v":63.15789473684211,"d":"63.2"}]
["Utiliza Semente Melhorada",11,null,{"v":7.2368421052631575,"d":"7.2"}]
["Faz Confinamento de Bovinos",5,null,{"v":3.289473684210526,"d":"3.3"}]
["Utiliza Pastejo Intensivo",33,null,{"v":21.710526315789473,"d":"21.7"}]
["Faz Inseminação Artificial",1,null,{"v":0.6578947368421053,"d":"0.7"}]
["Faz Mineralização do Rebanho",37,null,{"v":24.342105263157894,"d":"24.3"}]
["Faz Vermifugação do Rebanho",37,null,{"v":24.342105263157894,"d":"24.3"}]
["Possui Parceiros /Arrendatários na Exploração Animal",15,null,{"v":9.868421052631579,"d":"9.9"}]
["Existência de trabalhadores c/ deficiência na UPA","-",null,"-"]
["Esporte e lazer","-",null,"-"]
["Extração mineral","-",null,"-"]
["Hotel Fazenda, Pousada ou SPA","-",null,"-"]
["Pesque-pague",1,null,{"v":0.6578947368421053,"d":"0.7"}]
["Restaurante ou Lanchonete","-",null,"-"]
["Transformação artesanal","-",null,"-"]
["Turismo rural ou ecoturismo","-",null,"-"]
["Outras atividades econômicas rurais",1,null,{"v":0.6578947368421053,"d":"0.7"}]
["Agroindústria",2,null,{"v":1.3157894736842106,"d":"1.3"}]
["Proprietário sem instrução ou com instrução incompleta","-",null,"-"]
["Proprietário com antigo primário completo",3,null,{"v":1.9736842105263157,"d":"2.0"}]
["Proprietário com 1° grau (ou antigo ginasial) completo",3,null,{"v":1.9736842105263157,"d":"2.0"}]
["Proprietário com 2° grau (ou antigo colegial) completo",39,null,{"v":25.657894736842106,"d":"25.7"}]
["Proprietário com curso superior completo ",71,null,{"v":46.71052631578947,"d":"46.7"}]
["Pessoa Jurídica",36,null,{"v":23.68421052631579,"d":"23.7"}]
["Proprietário residente na própria UPA ",18,null,{"v":11.842105263157896,"d":"11.8"}]
["Fonte: Secretaria de Agricultura e Abastecimento, CDRS/IEA, Projeto LUPA."]
[]
["TABELA 128.5 - Área Cultivada, Município de Catiguá, Estado de São Paulo, 2016/17."]
["CULTURA","N.DE UPAs","MÍNIMO","MÉDIO","MÁXIMO","TOTAL"]
["Cana-de-acucar finalidade industria",134,4.2,{"v":87.62,"d":"87.6"},814.8,{"v":11741,"d":"11,741.0"}]
["Braquiaria",44,0.5,{"v":9.99,"d":"10.0"},{"v":42,"d":"42.0"},439.7]
["Seringueira",6,{"v":1,"d":"1.0"},{"v":26.47,"d":"26.5"},{"v":100,"d":"100.0"},158.8]
["Laranja Industria",2,9.8,53.3,96.8,106.6]
["Eucalipto",9,0.4,{"v":5.86,"d":"5.9"},{"v":20,"d":"20.0"},52.7]
["Gramas",4,4.3,7.3,10.2,29.2]
["Outras gramineas para pastagem",2,4.7,8.4,12.1,16.8]
["Limao",3,1.5,3.9,8.6,11.7]
["Lentilha",1,1.5,1.5,1.5,1.5]
["Fonte: Secretaria de Agricultura e Abastecimento, CDRS/IEA, Projeto LUPA."]